[Event "Bundesliga 2006-7"]
[Site "Werder Bremen GER"]
[Date "2007.02.24"]
[Round "10"]
[White "Nikolic,Pr"]
[Black "McShane,L"]
[Result "1/2-1/2"]
[WhiteElo "2626"]
[BlackElo "2615"]

1.d4 Nf6 2.Nf3 g6 3.g3 Bg7 4.Bg2 O-O 5.O-O d6 6.c4 Nc6 7.Nc3 Rb8 8.h3 a6
9.e4 b5 10.cxb5 axb5 11.Re1 e5 12.dxe5 Nxe5 13.Nxe5 dxe5 14.Be3 Be6 15.Ba7 Rb7
16.Bc5 Qxd1 17.Rexd1 Ra8 18.Nd5 Nd7 19.Be3 Bf8 20.a3 c5 21.f4 Bxd5 22.Rxd5 Nb6
23.fxe5 Re8 24.Bf4 g5 25.Bxg5 Nxd5 26.exd5 Rxe5 27.Bf4 Re2 28.d6 Rd7 29.Rd1 Re6
30.Bd5 Rg6 31.Be4 Rgxd6 32.Bxd6 Rxd6 33.Rxd6 Bxd6 34.Kf2 c4 35.Bc6 b4 36.a4 c3
37.bxc3 bxc3 38.Be4 Bc7 39.g4 f6 40.Ke3 h5 41.Kd3 hxg4 42.hxg4 Kf7 43.Kxc3 Ke7
44.Kb4 Kd7 45.a5 Kc8 46.a6 Kb8 47.Kc4  1/2-1/2

[Event "Bundesliga 2006-7"]
[Site "Werder Bremen GER"]
[Date "2007.02.25"]
[Round "11"]
[White "Wojtaszek,R"]
[Black "Nikolic,Pr"]
[Result "1/2-1/2"]
[WhiteElo "2637"]
[BlackElo "2626"]

1.d4 d5 2.c4 dxc4 3.e4 e5 4.Nf3 exd4 5.Bxc4 Bb4+ 6.Bd2 Bxd2+ 7.Nbxd2 Nc6
8.O-O Nf6 9.e5 Nd5 10.Qb3 Na5 11.Qa4+ Nc6 12.Qb3 Na5 13.Qb5+ c6 14.Qc5 Qb6
15.Qxb6 Nxb6 16.Bd3 c5 17.Rac1 Nd7 18.Ne4 b6 19.Nd6+ Ke7 20.Be4 Rb8 21.b4 Nb7
22.Nb5 Nd8 23.Nxa7 Bb7 24.Bxb7 Rxb7 25.Nc8+ Ke6 26.Nd6 Ra7 27.Ng5+ Kd5 28.Nc8 Ra6
29.Ne7+ Kxe5 30.Rfe1+ Kd6 31.Nf5+ Kd5 32.Re7 Nf6 33.f4 Re8 34.Rc7 Rxa2 35.bxc5 Ree2
36.Ne7+ Rxe7 37.Rxe7 bxc5 38.Re5+ Kd6 39.Rexc5 h6 40.Rc8 Ne6 41.Nxe6 Kxe6
42.Rd1 Ng4 43.Rc5 Rxg2+ 44.Kxg2 Ne3+ 45.Kf3 Nxd1 46.Ke4 Ne3 47.f5+ Kf6 48.h4 h5
49.Rc6+ Ke7 50.Ra6 Ng2 51.Kxd4 Nxh4 52.Ke4 f6 53.Ra7+ Kf8 54.Kf4 Kg8 55.Ra8+ Kh7
56.Ra1 Kg8 57.Ra7 Kh7 58.Ra2 Kg8 59.Ra1 g6 60.Ra8+ Kg7 61.Ra7+ Kh6 62.fxg6 Kxg6
63.Ra5  1/2-1/2

[Event "TCh-NED 2006-7"]
[Site "Netherlands NED"]
[Date "2007.03.03"]
[Round "6"]
[White "Nikolic,Pr"]
[Black "Baramidze,D"]
[Result "0-1"]
[WhiteElo "2626"]
[BlackElo "2561"]

1.d4 Nf6 2.Nf3 g6 3.g3 Bg7 4.Bg2 d5 5.O-O O-O 6.Nbd2 c5 7.dxc5 Nbd7 8.Nb3 e6
9.Ne1 Qe7 10.Nd3 Ne4 11.Be3 b6 12.c4 bxc5 13.Rc1 Rd8 14.cxd5 exd5 15.Nbxc5 Bxb2
16.Nxb2 Ndxc5 17.Bxe4 Nxe4 18.Qd4 Nd6 19.Qxd5 Bb7 20.Qg5 Qe4 21.f3 Qe6 22.Bd4 Nf5
23.Bc3 Qxe2 24.Rce1 Qb5 25.Kg2 Rd6 26.g4 Rc8 27.Nd1 Rxd1 28.Rxd1 Rxc3 29.gxf5 Bxf3+
30.Rxf3 Qe2+ 31.Rf2 Qxd1 32.fxg6 hxg6 33.Qf4 Qd5+ 34.Kg1 Rc4 35.Rd2 Qc5+
36.Qf2 Rc1+ 37.Kg2 Qg5+ 38.Kf3 Rc3+ 39.Ke4 Qg4+ 40.Ke5 Qe6+  0-1

[Event "TCh-NED 2006-7"]
[Site "Netherlands NED"]
[Date "2007.03.03"]
[Round "6"]
[White "Nikolic,Pr"]
[Black "Baramidze,D"]
[Result "0-1"]
[WhiteElo "2626"]
[BlackElo "2561"]

1.d4 Nf6 2.Nf3 g6 3.g3 Bg7 4.Bg2 d5 5.O-O O-O 6.Nbd2 c5 7.dxc5 Nbd7 8.Nb3 e6
9.Ne1 Qe7 10.Nd3 Ne4 11.Be3 b6 12.c4 bxc5 13.Rc1 Rd8 14.cxd5 exd5 15.Nbxc5 Bxb2
16.Nxb2 Ndxc5 17.Bxe4 Nxe4 18.Qd4 Nd6 19.Qxd5 Bb7 20.Qg5 Qe4 21.f3 Qe6 22.Bd4 Nf5
23.Bc3 Qxe2 24.Rce1 Qb5 25.Kg2 Rd6 26.g4 Rc8 27.Nd1 Rxd1 28.Rxd1 Bxf3+ 29.Rxf3 Qe2+
30.Rf2 Qxd1  0-1

[Event "Bundesliga 2006-7"]
[Site "Solingen GER"]
[Date "2007.03.17"]
[Round "12"]
[White "Nikolic,Pr"]
[Black "Stern,R"]
[Result "1-0"]
[WhiteElo "2626"]
[BlackElo "2476"]

1.d4 Nf6 2.Nf3 e6 3.c4 d5 4.Bg5 c6 5.e3 Nbd7 6.Bd3 Qa5+ 7.Nbd2 dxc4 8.Bxc4 Ne4
9.Bf4 e5 10.dxe5 Nxd2 11.Nxd2 Nxe5 12.O-O Bd6 13.Bg3 O-O 14.Bb3 Bb4 15.Ne4 Bf5
16.a3 Be7 17.Bc2 Rad8 18.Qe2 Bxe4 19.Bxe4 Bf6 20.b4 Qc7 21.Rac1 Qe7 22.Bb1 g6
23.f4 Nd7 24.e4 a5 25.e5 Bg7 26.Qe1 Ra8 27.Bh4 Qe6 28.bxa5 b6 29.Be4 Rfc8
30.f5 Qxe5 31.Bxc6 Rxa5 32.fxg6 hxg6 33.Bd5 Rf8 34.Bc4 Qxe1 35.Bxe1 Ra7 36.Bb4 Bd4+
37.Kh1 Bc5 38.Rce1 Bxb4 39.axb4 Nb8 40.Rf6 Rc7 41.Rxg6+ Kh7 42.Rg4 f5 43.Rf4 Kg7
44.Bd3 Nc6 45.Rc1 Rfc8 46.Rfc4  1-0

[Event "Bundesliga 2006-7"]
[Site "Solingen GER"]
[Date "2007.03.18"]
[Round "13"]
[White "Luther,T"]
[Black "Nikolic,Pr"]
[Result "1/2-1/2"]
[WhiteElo "2580"]
[BlackElo "2626"]

1.e4 e5 2.Nf3 Nc6 3.Bb5 a6 4.Ba4 Nf6 5.O-O Be7 6.Re1 b5 7.Bb3 d6 8.c3 O-O
9.h3 Re8 10.d4 Bb7 11.Nbd2 Bf8 12.Bc2 g6 13.d5 Nb8 14.b3 Nbd7 15.c4 c6 16.Nf1 a5
17.Ng3 Nc5 18.Be3 Nfd7 19.Nd2 Rc8  1/2-1/2

[Event "Bundesliga 2006-7"]
[Site "Remagen GER"]
[Date "2007.03.31"]
[Round "14"]
[White "Degraeve,JM"]
[Black "Nikolic,Pr"]
[Result "0-1"]
[WhiteElo "2548"]
[BlackElo "2626"]

1.e4 e6 2.d4 d5 3.e5 c5 4.c3 Nc6 5.Nf3 Bd7 6.Be2 Rc8 7.O-O a6 8.Be3 cxd4
9.cxd4 Nge7 10.Nc3 Nf5 11.Bd3 Nxe3 12.fxe3 Be7 13.Rc1 O-O 14.Kh1 g6 15.Na4 Nb4
16.Rxc8 Bxc8 17.Bb1 Bd7 18.a3 Nc6 19.Bd3 b5 20.Nc3 b4 21.axb4 Nxb4 22.Bb1 Qb8
23.h3 a5 24.Nh2 f5 25.exf6 Bxf6 26.Ng4 Bg7 27.Rxf8+ Qxf8 28.Kg1 Be8 29.Qf3 h5
30.Nh2 e5 31.dxe5 Bxe5 32.Qd1 Qc5 33.Qe1 Bf4 34.Nf1 Bc7 35.Ne2 Be5 36.Qd2 Nc6
37.Ba2 Bf7 38.Kh1 Qb5 39.b3 d4 40.Nh2 Bxh2  0-1

[Event "Bundesliga 2006-7"]
[Site "Remagen GER"]
[Date "2007.04.01"]
[Round "15"]
[White "Nikolic,Pr"]
[Black "Lutz,Ch"]
[Result "1/2-1/2"]
[WhiteElo "2626"]
[BlackElo "2580"]

1.d4 Nf6 2.c4 e6 3.Nf3 b6 4.g3 Ba6 5.Nbd2 Bb4 6.Qb3 c5 7.Bg2 Nc6 8.a3 Bxd2+
9.Bxd2 cxd4 10.Qa4 Qc8 11.b4 Bb7 12.O-O O-O 13.b5 Ne7 14.Nxd4 Bxg2 15.Kxg2 Qb7+
16.f3 Rfe8 17.Rac1 e5 18.Nc2 d5 19.cxd5 Qxd5 20.Rfd1 e4 21.Ne3 exf3+  1/2-1/2

[Event "5th Rapid"]
[Site "Brussels BEL"]
[Date "2007.05.06"]
[Round "7"]
[White "Nikolic,Pr"]
[Black "Duhayon,Y"]
[Result "1-0"]
[WhiteElo "2631"]
[BlackElo "2234"]

1.Nf3 Nf6 2.c4 e6 3.g3 d5 4.Bg2 Be7 5.O-O O-O 6.b3 b6 7.Bb2 Bb7 8.cxd5 Nxd5
9.d4 c5 10.dxc5 Bf6 11.Qc1 Na6 12.cxb6 Rc8 13.Qd2 axb6 14.Ne5 Qc7 15.Nd3 Bxb2
16.Qxb2 Nab4 17.Nxb4 Nxb4 18.Bxb7 Qxb7 19.Nc3 h5 20.h4 Rfd8 21.Rac1 Rc5 22.a3 Nd5
23.Rfd1 Rdc8 24.Nxd5 exd5 25.Qd2 Qa6 26.a4 Rxc1 27.Rxc1 Rxc1+ 28.Qxc1 Qxe2
29.Qc8+ Kh7 30.Qf5+ Kg8 31.Qxd5 g6 32.Kg2 Qe8 33.b4 Qxa4 34.Qd8+ Kg7 35.Qxb6 Qa8+
36.Kh2 Qf3 37.Qd4+ Kh7 38.b5 f6 39.Kg1 g5 40.hxg5 fxg5 41.Qd7+ Kg6 42.Qc6+  1-0

[Event "5th Rapid"]
[Site "Brussels BEL"]
[Date "2007.05.06"]
[Round "9"]
[White "Nikolic,Pr"]
[Black "Habu,Y"]
[Result "0-1"]
[WhiteElo "2631"]
[BlackElo "2404"]

1.d4 d5 2.c4 e6 3.Nf3 Nf6 4.Bg5 c6 5.e3 h6 6.Bxf6 Qxf6 7.Nbd2 Nd7 8.Bd3 g6
9.e4 Bg7 10.e5 Qe7 11.O-O O-O 12.c5 f5 13.exf6 Qxf6 14.Re1 b6 15.cxb6 axb6
16.Qc2 c5 17.Bxg6 Bb7 18.Bh5 Rac8 19.Bg4 cxd4 20.Qd1 Rce8 21.Nb3 Nc5 22.Nbxd4 e5
23.Nf5 e4 24.N3d4 Nd3 25.Re3 Nxf2 26.Qe2 Qxd4 27.Nxd4 Bxd4 28.Bh5 Re5 29.Re1 Kh8
30.h3 Ref5 31.Bg4 Rf4 32.Bh5 R4f5 33.Bg4 Rf4 34.Bd7 Nd3 35.Qh5 Rf1+ 36.Rxf1 Bxe3+
37.Kh2 Rxf1 38.Qe8+ Kg7 39.Be6 Bf4+ 40.g3 Rf2+ 41.Kg1 Be3 42.Kh1 Ne1 43.Qe7+ Kg6
44.Bg4 Rf1+ 45.Kh2 Bg1+ 46.Kh1 Bc5+  0-1

[Event "TCh-BIH"]
[Site "Vogosca BIH"]
[Date "2007.06.03"]
[Round "2"]
[White "Sedlak,N"]
[Black "Nikolic,Pr"]
[Result "0-1"]
[WhiteElo "2575"]
[BlackElo "2631"]

1.d4 d5 2.Nf3 Nf6 3.c4 dxc4 4.e3 Bg4 5.Bxc4 e6 6.Nc3 a6 7.h3 Bxf3 8.Qxf3 Nc6
9.O-O Bd6 10.Ne4 Nxe4 11.Qxe4 Qe7 12.f4 O-O 13.a3 Qd7 14.f5 exf5 15.Rxf5 Rae8
16.Qg4 Kh8 17.Bd2 g6 18.Rf6 Qxg4 19.hxg4 Nd8 20.Raf1 Kg7 21.Bd3 Be7 22.R6f3 Ne6
23.e4 Nxd4 24.Rh3 g5 25.Bc3 Rd8 26.Kf2 f6 27.Rfh1 Rh8 28.e5 h6 29.Be4 b6
30.Bd3 b5 31.Ba5 Rd7 32.e6 Nxe6 33.Bf5 Bc5+ 34.Kg3 Re7 35.Rc1 Bd6+ 36.Kf2 Nd4
37.Rhc3 Ne2 38.Bxc7 Nxc3 39.Bxd6 Ne4+  0-1

[Event "TCh-BIH"]
[Site "Vogosca BIH"]
[Date "2007.06.07"]
[Round "6"]
[White "Nikolic,Pr"]
[Black "Brkic,A"]
[Result "1/2-1/2"]
[WhiteElo "2631"]
[BlackElo "2567"]

1.d4 Nf6 2.Nf3 g6 3.g3 Bg7 4.Bg2 d5 5.O-O O-O 6.Nbd2 a5 7.c4 c6 8.b3 Bf5
9.Bb2 a4 10.e3 Nbd7 11.Qe2 axb3 12.axb3 Qb6 13.Nh4 Be6 14.Bc3 Ne4 15.Bxe4 dxe4
16.Rfb1 f5 17.b4 Bf7 18.f4 Qc7 19.c5 b5 20.Qe1 Nf6 21.Nb3 Nd5 22.Bd2 Bf6
23.Ng2 Qb7 24.Ra5 e6 25.Rba1 Rfc8 26.R1a2 Bd8 27.R5a3 Rxa3 28.Rxa3 Ra8 29.Qa1 Rxa3
30.Qxa3 Nc7 31.Ne1  1/2-1/2

[Event "TCh-BIH"]
[Site "Vogosca BIH"]
[Date "2007.06.09"]
[Round "8"]
[White "Nikolic,Pr"]
[Black "Ruck,R"]
[Result "1/2-1/2"]
[WhiteElo "2631"]
[BlackElo "2534"]

1.d4 Nf6 2.Nf3 d5 3.c4 c6 4.e3 Bg4 5.Nbd2 e6 6.Be2 Nbd7 7.O-O Bd6 8.b3 O-O
9.Bb2 Qc7 10.Ne5 Bxe2 11.Qxe2  1/2-1/2

[Event "Gorenje GM"]
[Site "Valjevo SRB"]
[Date "2007.06.13"]
[Round "1"]
[White "Karpov,Ana"]
[Black "Nikolic,Pr"]
[Result "1/2-1/2"]
[WhiteElo "2668"]
[BlackElo "2631"]

1.e4 e5 2.Nf3 Nc6 3.Bb5 a6 4.Ba4 Nf6 5.O-O Be7 6.Re1 b5 7.Bb3 O-O 8.a4 Bb7
9.d3 h6 10.c3 Re8 11.Nbd2 Bf8 12.Nf1 d5 13.axb5 axb5 14.Rxa8 Bxa8 15.exd5 Nxd5
16.Ng3 Nf6 17.Ba2 Qd7 18.b4 Bb7 19.h3 Rd8 20.Qb3 Bd6 21.Bd2 Re8 22.Ne4 Nxe4
23.dxe4 Nd8 24.c4 bxc4 25.Qxc4 Bc6 26.Bc3 Bb5 27.Qd5 c6 28.Qd2 Qc7 29.Rd1 Nb7
30.Qb2 Qe7 31.Nh2 Bc7 32.Nf3 Kh7 33.h4 f6 34.h5 Rd8 35.Rxd8 Qxd8 36.Qb3 Nd6
37.Qe6 Qe8 38.Qxe8 Nxe8 39.Nh4 Nd6 40.f3 Bb6+ 41.Kh2 Bc4 42.Bxc4 Nxc4 43.Nf5 c5
44.Ne7 cxb4 45.Bxb4 Bd8 46.Nf5 Kg8 47.Kg3 Ba5 48.Be7 Kf7 49.Kf2 Bb6+ 50.Ke2 Na5
51.Kd3 Nc6 52.Ba3 Nd4 53.Nd6+ Kg8 54.Bc1 Bc5 55.Nb7 Be7 56.Be3 Ne6 57.Kc4 Nc7
58.Na5 Kf7 59.Nb3 Bf8 60.Nd2 g6 61.hxg6+ Kxg6 62.Nf1 h5 63.Ng3 Bh6 64.Bb6 Ne6
65.Nf5 Bd2 66.Kd3 Bc1 67.Kc2 Ba3 68.Be3 Bc5 69.Kd3 Bxe3 70.Kxe3 Kf7 71.g3 Nf8
72.f4 Nd7 73.Kf3 Nc5 74.Nd6+ Ke6 75.Ne8 Kf7  1/2-1/2

[Event "Gorenje GM"]
[Site "Valjevo SRB"]
[Date "2007.06.14"]
[Round "2"]
[White "Nikolic,Pr"]
[Black "Damljanovic,B"]
[Result "1/2-1/2"]
[WhiteElo "2631"]
[BlackElo "2585"]

1.d4 Nf6 2.Nf3 e6 3.c4 c5 4.d5 exd5 5.cxd5 d6 6.Nc3 g6 7.g3 Bg7 8.Bg2 O-O
9.O-O a6 10.a4 Nbd7 11.a5 b5 12.axb6 Nxb6 13.Nd2 Re8 14.Nb3 Nc4 15.Ra4 Nb6
16.Ra2 Nc4 17.Re1 a5 18.Nd2 Ba6 19.Nxc4 Bxc4 20.Ra4 Ba6 21.Bd2 Bc8 22.Qc2 Bd7
23.Ra3 Qb6 24.Rea1 Reb8 25.R1a2 Ne8 26.b3 Nc7 27.Qc1 Ra7 28.Be4 Rba8 29.Bd3 Ne8
30.Qc2 Nf6 31.Bc4 Ng4 32.Na4 Qd8 33.Nb2 h5 34.Bd3 Bd4 35.e3 Bxb2 36.Qxb2 Ne5
37.Be2 Bg4 38.Bc3 Bxe2 39.Qxe2 Nd7 40.Qf3 Qe7 41.Qf4 Ne5 42.Kg2 f6 43.e4 Kg7
44.Rxa5 Rxa5 45.Rxa5 Rxa5 46.Bxa5 Qb7 47.Bd8 Qf7 48.h3 Qf8 49.Ba5 Qb8 50.Qe3 Qb5
51.Bd2 Kf7 52.f4 Nd7 53.g4 hxg4 54.hxg4 Qa6 55.Kf2 Qa2 56.g5 fxg5 57.Ke2 Qa6+
58.Ke1 Qa1+ 59.Ke2 Qa6+ 60.Ke1 Qa1+ 61.Ke2  1/2-1/2

[Event "Gorenje GM"]
[Site "Valjevo SRB"]
[Date "2007.06.16"]
[Round "4"]
[White "Nikolic,Pr"]
[Black "Roiz,M"]
[Result "1/2-1/2"]
[WhiteElo "2631"]
[BlackElo "2605"]

1.d4 Nf6 2.Nf3 d5 3.c4 e6 4.Bg5 h6 5.Bxf6 Qxf6 6.Nbd2 dxc4 7.e3 g6 8.Bxc4 Bg7
9.O-O O-O 10.b4 Qe7 11.Rb1 Nd7 12.Qc2 c6 13.a4 b6 14.a5 Rb8 15.Rfc1 Bb7 16.Bd3 Rfc8
17.a6 Ba8 18.e4 c5 19.bxc5 bxc5 20.Rxb8 Rxb8 21.dxc5 Rc8 22.Nb3 Nxc5 23.Nxc5 Bf8
24.Ne5 Rxc5 25.Qxc5 Qxc5 26.Rxc5 Bxc5 27.Kf1 Bd6 28.Nc4 Bc7 29.h4 Kf8 30.Ke2 Ke7
31.Ke3 Bc6 32.f4 Bb5 33.Nb2 Bb6+ 34.Ke2 Bc6 35.g4 Bd4 36.Nc4 Kd7 37.e5 Bc5
38.h5 gxh5 39.gxh5 Kc7 40.Na5 Ba4 41.Nb7 Be7 42.Na5 Kb6 43.Nc4+ Kc5 44.Ne3 Bf8
45.Kd2 Bc6 46.Ng4 Kd4 47.Ke2 Bg7 48.Ne3 Be8 49.Kd2 Bf8 50.Nc2+ Kc5 51.Ne3 Bc6
52.Ng4 Bg7 53.Ne3 Bf3 54.Be2 Bxe2 55.Kxe2 Kb5 56.Kd3 Kxa6 57.Kc4 Kb6 58.Nc2 Bf8
59.Ne3 Bg7 60.Nc2 Bf8 61.Ne3 a5 62.f5 exf5 63.Nxf5 a4 64.Nd4 a3 65.Nc2 Bc5
66.Na1 Kc6 67.Nb3 a2 68.Na1 Bb6 69.Nc2 Bc5 70.Na1 Be7 71.Nc2 Bf8 72.Kb3 Kd5
73.Kxa2 Kxe5 74.Kb3 Kf4 75.Kc4 Kg4 76.Kd5 Bg7 77.Ke4 f5+ 78.Ke3 Bf8 79.Ke2 Bc5
80.Ne1 Kxh5 81.Kf3 Kg5 82.Ng2 h5 83.Nf4 Ba7 84.Nd5 Bc5 85.Nf4 Kh6 86.Ng2  1/2-1/2

[Event "Gorenje GM"]
[Site "Valjevo SRB"]
[Date "2007.06.17"]
[Round "5"]
[White "Atalik,S"]
[Black "Nikolic,Pr"]
[Result "1-0"]
[WhiteElo "2584"]
[BlackElo "2631"]

1.d4 f5 2.g3 Nf6 3.Bg2 g6 4.Nf3 Bg7 5.O-O O-O 6.c4 d6 7.Nc3 Na6 8.Rb1 c6
9.b4 Bd7 10.b5 Nc7 11.bxc6 bxc6 12.c5 Ne4 13.cxd6 exd6 14.Qc2 Kh8 15.Ba3 Nxc3
16.Qxc3 Nb5 17.Rxb5 cxb5 18.Bxd6 Rc8 19.Qa3 Re8 20.Ne5 Be6 21.Bc6 Rxc6 22.Nxc6 Qb6
23.Rc1 Rc8 24.Be5 Bxe5 25.Nxe5 Rxc1+ 26.Qxc1 Qxd4 27.Nxg6+ Kg7 28.Nh4 b4
29.Qg5+ Kf8 30.Qh6+ Ke7 31.Qxh7+ Kd8 32.Nf3 Qc5 33.Qh8+ Kc7 34.Qg7+ Kc8 35.h4 f4
36.gxf4 Bxa2 37.h5 Qxh5 38.Qf8+ Kc7 39.Qxb4 Bd5 40.Qc5+ Kb7 41.e4 Qg6+ 42.Ng5 Bc6
43.Qe7+ Kb6 44.f5 Qh5 45.Qb4+ Bb5 46.Qd6+ Ka5 47.Qd2+ Ka4 48.f3 Qh4 49.Kg2 Bc4
50.e5 a5  1-0

[Event "Gorenje GM"]
[Site "Valjevo SRB"]
[Date "2007.06.18"]
[Round "6"]
[White "Nikolic,Pr"]
[Black "Stojanovic,Mih"]
[Result "1-0"]
[WhiteElo "2631"]
[BlackElo "2588"]

1.d4 d5 2.c4 e6 3.Nf3 Nf6 4.Nc3 Nbd7 5.Bg5 c6 6.e3 Qa5 7.Nd2 dxc4 8.Bxf6 Nxf6
9.Nxc4 Qc7 10.Be2 Be7 11.O-O O-O 12.a3 Rd8 13.b4 Bd7 14.Qb3 Rac8 15.Rac1 Be8
16.Rfd1 Nd5 17.Ne4 Nf6 18.Ng3 Qb8 19.e4 Qf4 20.Qc2 Nd7 21.Na5 Rc7 22.Bf3 Nb8
23.Ne2 Qg5 24.Nc3 Rcd7 25.Nb3 e5 26.d5 Bf8 27.h3 g6 28.Bg4 Rd6 29.Na5 h5
30.Be2 R6d7 31.Qb1 Qe7 32.Rd3 Kh7 33.Rcd1 f6 34.b5 cxb5 35.Nxb5 a6 36.Nc7 Rxc7
37.d6 Rxd6 38.Rxd6 Nc6 39.Nxc6 Bxc6 40.Qb6 Qxd6 41.Rxd6 Bxd6 42.Bc4 Rd7 43.Be6 Bc7
44.Qb4 Bd6 45.Qd2 Rd8 46.Qa5 Rf8 47.a4 Kg7 48.Bd5 Rc8 49.Qb6 Be7 50.Kh2 Bd8
51.Qc5 Bd7 52.Qd6 Bxa4 53.Qe6 Rb8 54.Qg8+ Kh6 55.Bf7 Kg5 56.Qxg6+ Kh4 57.g3+  1-0

[Event "Gorenje GM"]
[Site "Valjevo SRB"]
[Date "2007.06.20"]
[Round "8"]
[White "Nikolic,Pr"]
[Black "Pavasovic,D"]
[Result "1-0"]
[WhiteElo "2631"]
[BlackElo "2567"]

1.d4 d5 2.c4 e6 3.Nf3 Nf6 4.Bg5 h6 5.Bxf6 Qxf6 6.Nbd2 dxc4 7.e3 g6 8.Rc1 Nd7
9.Nxc4 Bb4+ 10.Ncd2 c6 11.a3 Bxd2+ 12.Nxd2 O-O 13.Bc4 b6 14.O-O Bb7 15.b4 a5
16.Be2 axb4 17.axb4 c5 18.Bb5 cxd4 19.Bxd7 dxe3 20.fxe3 Qg5 21.e4 Rfd8 22.Rc7 Qe3+
23.Kh1 Ra2 24.Bxe6 Bxe4 25.Bxf7+ Kh8 26.Bxa2 Bxg2+ 27.Kxg2 Rxd2+ 28.Qxd2 Qxd2+
29.Kh1 Qd8 30.Ra7 h5 31.Be6 Qd6 32.Rd7 Qxb4 33.Bd5 Qa3 34.Re1 Qf8 35.Ra1  1-0

[Event "XXII Rapid"]
[Site "Villarrobledo ESP"]
[Date "2007.08.05"]
[Round "8"]
[White "Nikolic,Pr"]
[Black "Ivanchuk,V"]
[Result "1/2-1/2"]
[WhiteElo "2646"]
[BlackElo "2762"]

1.d4 Nf6 2.Nf3 e6 3.c4 b6 4.g3 Ba6 5.b3 Bb4+ 6.Bd2 Be7 7.Bg2 c6 8.Bc3 d5
9.Nbd2 Nbd7 10.O-O O-O 11.Re1 c5 12.e4 dxc4 13.Nxc4 Bb7 14.e5 Nd5 15.Bb2 b5
16.Nd6 Bxd6 17.exd6 c4 18.bxc4 bxc4 19.Ne5 N7b6 20.Ba3 f6 21.Ng4 Qd7 22.Rc1 Rac8
23.h4 c3 24.h5 h6 25.Qd3 Kh8 26.Qg6 Nc4 27.Bc5 Nxd6 28.Bxd5 Bxd5 29.Nxh6 f5
30.Bxd6 Rf6 31.Nf7+ Qxf7 32.Qxf7 Rxf7 33.Bc5 Kh7 34.Rxc3 Kh6 35.f3 Kxh5 36.Kf2 Rb7
37.Ra3 Rb2+ 38.Re2 Rxe2+ 39.Kxe2 a6 40.Ke3 Rc6 41.Kf4 g5+ 42.Ke5 Kg6 43.f4 g4
44.Ra4 Kf7 45.a3 Ke8 46.Rb4 Kd7 47.Rb7+ Kc8 48.Rh7 Rc7 49.Rxc7+ Kxc7 50.Kf6 Kc6
51.Ke5 Kb5 52.Kf6 a5 53.Ke5 Kc4 54.Be7 Kd3 55.Bf6 Ke3 56.Bh4 Kf3 57.Kd6 Ke4
58.Bf6 a4 59.Kc5 Bb3 60.Kb4 Kd5 61.Kc3  1/2-1/2

[Event "NH Chess Tournament"]
[Site "Amsterdam NED"]
[Date "2007.08.22"]
[Round "1"]
[White "Nikolic,Pr"]
[Black "Smeets,J"]
[Result "0-1"]
[WhiteElo "2646"]
[BlackElo "2538"]

1.d4 d5 2.c4 c6 3.Nc3 Nf6 4.cxd5 cxd5 5.Bf4 Nc6 6.e3 a6 7.Bd3 Bg4 8.Nf3 e6
9.h3 Bh5 10.Qb3 Bxf3 11.gxf3 Na5 12.Qa4+ Nc6 13.Rg1 g6 14.Rc1 Rc8 15.a3 Bg7
16.Qb3 Qe7 17.Na4 O-O 18.Nb6 Rcd8 19.Bg5 e5 20.Nxd5 Rxd5 21.Bxf6 Qxf6 22.Qxd5 exd4
23.exd4 Rd8 24.Qe4 Nxd4 25.Be2 Kf8 26.Rg4 Qb6 27.Qe3 f5 28.Rxd4 Bxd4 29.Qh6+ Kg8
30.Qh4 Bxb2 31.Rd1 Rxd1+ 32.Bxd1 Qe6+ 33.Kf1 Bxa3 34.Qa4 Qe7 35.Bb3+ Kg7
36.Qd4+ Qf6 37.Qd7+ Qe7 38.Qd4+ Kh6 39.Bd5 Bd6 40.Qd2+ Kh5 41.Qc3 Kh4 42.f4 Bxf4
43.Qf3 Qb4 44.Bxb7 a5 45.Bd5 a4 46.Bg8 a3 47.Bd5 Qd2 48.Qb3 h5 49.Bf7 Qc1+
50.Kg2 Bd6 51.Bd5 Qf4 52.Qc4 Qxc4 53.Bxc4 Bc5 54.Bg8 Bxf2  0-1

[Event "NH Chess Tournament"]
[Site "Amsterdam NED"]
[Date "2007.08.23"]
[Round "2"]
[White "Stellwagen,D"]
[Black "Nikolic,Pr"]
[Result "1/2-1/2"]
[WhiteElo "2631"]
[BlackElo "2646"]

1.e4 e5 2.Nf3 Nc6 3.Bb5 a6 4.Ba4 Nf6 5.O-O Be7 6.Re1 b5 7.Bb3 d6 8.c3 O-O
9.h3 Re8 10.d4 Bb7 11.Nbd2 Bf8 12.a4 Qd7 13.axb5 axb5 14.Rxa8 Bxa8 15.d5 Nb8
16.Nf1 Qc8 17.Qd3 Nbd7 18.Qxb5 Nc5 19.Qc4 Ncxe4 20.Rxe4 Bxd5 21.Qxd5 Nxd5
22.Bxd5 c6 23.Rc4 cxd5 24.Rxc8 Rxc8 25.Bd2 Rb8 26.b4 f6 27.Ne3 Rb5 28.Ne1 Kf7
29.f4 g6 30.g4 Bh6 31.g5 fxg5 32.fxe5 dxe5 33.Nf3 Ke6 34.Nxe5 Kxe5 35.Ng4+ Ke4
36.Nxh6 Kd3 37.Be1 Rb7 38.Ng4 Re7 39.Kf1 h5 40.Nf2+ Ke3 41.Nd1+ Kf3 42.Bf2 g4
43.hxg4 hxg4 44.Ne3 g3 45.Bg1 Rc7 46.Nxd5 g2+ 47.Ke1 Rh7 48.Kd2 Rh1 49.Bd4 Ke4
50.Nf6+ Kf5 51.Nd5 g1=Q 52.Bxg1 Rxg1 53.b5 Ke5 54.c4 Kd6 55.b6 Kc6 56.Ke3 g5
57.Kf3 Kb7 58.c5 Rc1 59.Kg4 Rc4+ 60.Kh5 Rxc5 61.Nf6 Re5 62.Kg4 Kc6 63.Nh7 Kxb6
64.Nxg5  1/2-1/2

[Event "NH Chess Tournament"]
[Site "Amsterdam NED"]
[Date "2007.08.25"]
[Round "4"]
[White "Karjakin,Sergey"]
[Black "Nikolic,Pr"]
[Result "1-0"]
[WhiteElo "2678"]
[BlackElo "2646"]

1.e4 e5 2.Nf3 Nc6 3.Bb5 a6 4.Ba4 Nf6 5.O-O Be7 6.Re1 b5 7.Bb3 d6 8.c3 O-O
9.h3 Re8 10.d4 Bb7 11.a4 Qc8 12.Ng5 Nd8 13.Bc2 Bf8 14.Nd2 c6 15.b4 Ne6 16.Nb3 Nd7
17.Na5 Nxg5 18.Bxg5 Qc7 19.Nxb7 Qxb7 20.Bb3 Nb6 21.axb5 axb5 22.Rxa8 Rxa8
23.dxe5 dxe5 24.Qe2 Be7 25.Be3 g6 26.g3 Nd7 27.f4 exf4 28.gxf4 Qc7 29.e5 Nf8
30.Rf1 Ra3 31.Qb2 Ra6 32.f5 c5 33.Qf2 Qxe5 34.bxc5 gxf5 35.Bd4 Rg6+ 36.Kh1 Qe4+
37.Qf3 Ne6 38.Qxe4 fxe4 39.c6 Bd6 40.Bb6 Kf8 41.c7 Bxc7 42.Bxc7 Ke7 43.Ba5  1-0

[Event "NH Chess Tournament"]
[Site "Amsterdam NED"]
[Date "2007.08.26"]
[Round "5"]
[White "Nikolic,Pr"]
[Black "Negi,P"]
[Result "1-0"]
[WhiteElo "2646"]
[BlackElo "2529"]

1.d4 Nf6 2.Nf3 g6 3.Bf4 Bg7 4.e3 O-O 5.Be2 c5 6.Nbd2 Nc6 7.c3 cxd4 8.exd4 d6
9.O-O Re8 10.Nc4 Nd5 11.Bg3 e5 12.dxe5 dxe5 13.Qb3 Nf4 14.Bxf4 exf4 15.Rad1 Qc7
16.Rfe1 Be6 17.Ng5 Rad8 18.Nxe6 Rxe6 19.Bf3 Rxd1 20.Rxd1 Qe7 21.Kf1 Ne5 22.Nxe5 Bxe5
23.Re1 b6 24.Bd5 Rf6 25.Qa4 Kg7 26.Qe4 Rf5 27.Bb3 Qf6 28.Rd1 Bd6 29.Qc6 Bc5
30.Qxf6+ Rxf6 31.Rd7 a5 32.a3 Kf8 33.Rb7 Ke8 34.Ke2 Kd8 35.Bxf7 Kc8 36.Bd5 Rf5
37.Bf3 Re5+ 38.Kd3 Bxf2 39.Rxh7 Bc5 40.h4 Be7 41.Be4 b5 42.Bxg6 Re3+ 43.Kd4 b4
44.cxb4 axb4 45.axb4 Bxb4 46.Kc4 Be7 47.h5 Kd7 48.h6 Ke6 49.Rxe7+  1-0

[Event "NH Chess Tournament"]
[Site "Amsterdam NED"]
[Date "2007.08.28"]
[Round "6"]
[White "Smeets,J"]
[Black "Nikolic,Pr"]
[Result "1/2-1/2"]
[WhiteElo "2538"]
[BlackElo "2646"]

1.e4 e5 2.Nf3 Nc6 3.d4 exd4 4.Nxd4 Nf6 5.Nxc6 bxc6 6.e5 Qe7 7.Qe2 Nd5 8.c4 Nb6
9.Nd2 Qe6 10.b3 a5 11.Bb2 a4 12.Qe3 d6 13.O-O-O axb3 14.axb3 dxe5 15.Bxe5 Nd7
16.Bxc7 Qxe3 17.fxe3 Bc5 18.Bf4 Nf6 19.Kb2 O-O 20.Bd3 Ng4 21.Ra1 Rxa1 22.Rxa1 Nxe3
23.Be5 f6 24.Bc3 Rd8 25.Be4 Bd7 26.Bf3 Nf5 27.Ne4 Bb6 28.g3 Be8 29.c5 Bc7
30.Ra7 Bb8 31.Rb7 Kf8 32.Nd2 Be5 33.Nc4 Rb8 34.Rb6 Bc7 35.Ra6 Ne7 36.Na5 Bf7
37.b4 Bxa5 38.Rxa5 Nd5 39.Ra6 Nxb4 40.Rb6 Nd3+ 41.Kc2 Rd8 42.Rxc6 Bg6 43.Kb3 Bf7+
44.Kc2 Bg6 45.Kb3 Bf7+ 46.Kc2  1/2-1/2

[Event "NH Chess Tournament"]
[Site "Amsterdam NED"]
[Date "2007.08.29"]
[Round "7"]
[White "Nikolic,Pr"]
[Black "Stellwagen,D"]
[Result "1-0"]
[WhiteElo "2646"]
[BlackElo "2631"]

1.Nf3 Nf6 2.g3 g6 3.Bg2 Bg7 4.O-O O-O 5.d4 d6 6.c4 Nc6 7.d5 Na5 8.Nfd2 c6
9.a3 Nd7 10.Ra2 Nb6 11.b3 cxd5 12.cxd5 e6 13.e4 exd5 14.exd5 Bf5 15.Ne4 Bxe4
16.Bxe4 Nd7 17.Bd3 Rc8 18.Nd2 Bh6 19.Bc2 Qg5 20.b4 Qxd5 21.Nb3 Qxd1 22.Rxd1 Bxc1
23.Nxa5 Bh6 24.Nxb7 d5 25.Rxd5 Rc7 26.Nd6 Nf6 27.Rd3 Ne8 28.Nb5 Re7 29.Bb3 Nf6
30.Rc2 Kg7 31.Nd6 Ne8 32.Nc8 Rc7 33.b5 Rb7 34.a4 Nf6 35.Kg2 Kg8 36.Rd6 Ne4
37.Ra6 Rd8 38.Rxa7 Rxa7 39.Nxa7 Bf8 40.a5 Nc5 41.Bc4  1-0

[Event "NH Chess Tournament"]
[Site "Amsterdam NED"]
[Date "2007.08.30"]
[Round "8"]
[White "Cheparinov,I"]
[Black "Nikolic,Pr"]
[Result "0-1"]
[WhiteElo "2657"]
[BlackElo "2646"]

1.e4 e5 2.Nf3 Nc6 3.Bb5 a6 4.Ba4 Nf6 5.O-O Be7 6.Re1 b5 7.Bb3 d6 8.c3 O-O
9.h3 h6 10.d4 Re8 11.Nbd2 Bf8 12.Nf1 Bd7 13.Ng3 Na5 14.Bc2 c5 15.b3 Nc6 16.d5 Ne7
17.a4 Ng6 18.Be3 Nh7 19.Nf5 Be7 20.g3 Ngf8 21.Nd2 Nf6 22.Qf3 N8h7 23.Ra2 Bxf5
24.exf5 Qc7 25.c4 bxc4 26.Nxc4 Rab8 27.Rd1 Ng5 28.Bxg5 hxg5 29.Qe3 Rb4 30.Raa1 Nd7
31.a5 Bf6 32.Be4 Reb8 33.Rd3 R8b5 34.h4 gxh4 35.g4 Qd8 36.Nxd6 Bg5 37.Qf3 c4
38.Rc3 Rxa5 39.Rxa5 Qxa5 40.Nxc4 Qa1+ 41.Kg2 Rb8 42.d6 Nf6 43.Bc6 e4 44.Qh3 Qd1
45.d7 Rd8 46.Ne3 Qe1 47.Rc2 Nxd7 48.Bxe4 Nf6 49.Bf3 Qb4 50.Re2 Rd3 51.Nc4 Qxb3
52.Ne5 Rc3 53.Re1 Rc2 54.Qh2 Qc3 55.Rd1 Qc7 56.Nd3 Qxh2+ 57.Kxh2 a5 58.Ra1 Rd2
59.Ra3 Be3 60.Kh3 Bg5 61.Bg2 Nd7 62.Be4 Be7 63.Rc3 Nf6 64.Bg2 Ne8 65.Ne5 a4
66.Rc8 Rd8 67.Nc6 Rd3+ 68.f3 Kf8 69.Ra8 a3 70.Bf1 Rxf3+ 71.Kg2 Rg3+ 72.Kh1 Bd6
73.Bb5 Re3 74.Nd4 a2 75.Rxa2 Nc7 76.Be2 Re4 77.Nc6 h3 78.Rd2 Bf4 79.Rd4 Rxe2
80.Rxf4 Rc2 81.Nd4 Rg2 82.Nf3 Rf2 83.Rc4 Rxf3 84.Rxc7 Rf4 85.Kh2 Rxg4 86.Kxh3 Rg5
87.Rc5 f6 88.Kh4 Kg8 89.Ra5 Kh7 90.Rb5 Kh6 91.Ra5 g6  0-1

[Event "NH Chess Tournament"]
[Site "Amsterdam NED"]
[Date "2007.08.31"]
[Round "9"]
[White "Nikolic,Pr"]
[Black "Karjakin,Sergey"]
[Result "1/2-1/2"]
[WhiteElo "2646"]
[BlackElo "2678"]

1.d4 d5 2.c4 c6 3.Nf3 Nf6 4.e3 a6 5.b3 Bg4 6.Nbd2 e6 7.Bd3 Nbd7 8.O-O c5
9.h3 Bh5 10.Bb2 Be7 11.cxd5 Nxd5 12.Ne4 cxd4 13.Bxd4 O-O 14.Ng3 Bg6 15.Bxg6 hxg6
16.e4 Nb4 17.Qd2 Nc6 18.Be3 Nde5 19.Nxe5 Qxd2 20.Bxd2 Nxe5 21.Rfd1 Rac8 22.Rac1 Rxc1  1/2-1/2